| 000 | 00691nam a22002297a 4500 | ||
|---|---|---|---|
| 999 |
_c4096 _d4096 |
||
| 001 | 11549 | ||
| 003 | BD-DhUAP | ||
| 005 | 20201101121957.0 | ||
| 008 | 201101t19791971enka 000 0 eng | ||
| 020 | _a0435511815 | ||
| 040 |
_aDLC _cNcCuW _dBD-DhUAP |
||
| 082 |
_a510.76 CLA _223 |
||
| 100 | 1 | _a Clarke, L. Harwood. | |
| 245 | 1 | 0 |
_aA note book in applied mathematics / _cL. Harwood Clarke. |
| 250 | _a2nd ed. | ||
| 260 |
_aLondon : _bHeinemann Educational Books, _cc1971 [Reprinted 1979]. |
||
| 300 |
_ax, 158 pages : _billustrations ; _c20 cm. |
||
| 650 | 0 | _aMathematics. | |
| 650 | 0 | _aMathematical physics. | |
| 650 | 0 |
_aMathematics _xStudy and teaching (Secondary). |
|
| 942 |
_2ddc _cBK |
||